[Event "Open Ricany 2011"]
[Site "http://www.openricany.cz"]
[Date "2011.08.25"]
[Round "7.25"]
[White "Vavrinec, Tomas"]
[Black "Forman, Miroslav"]
[Result "1/2-1/2"]
[WhiteElo "2015"]
[BlackElo "1912"]

1. Nf3 Nf6 2. c4 e6 3. g3 a6 4. Bg2 b5 5. b3 Bb7 6. Bb2 c5 7. O-O Be7 8. d3 d5
9. Nbd2 Nbd7 10. Qc2 O-O 11. e3 Rc8 12. Rfe1 Qc7 13. Rac1 Qb8 14. Qd1 Rfd8
15. Qe2 e5 16. d4 e4 17. Ne5 bxc4 18. bxc4 Nb6 19. cxd5 Bxd5 20. Qxa6 Rc7
21. dxc5 Nc8 22. Bd4 Ra7 23. Qe2 Rxa2 24. Ra1 Qa8 25. Rxa2 Qxa2 26. Ra1 Qc2
27. Qd1 Qxd1+ 28. Rxd1 Na7 29. Rb1 Nc6 30. Nxc6 Bxc6 31. Nc4 Nd7 32. Na5 Bd5
33. c6 Nf8 34. Bb6 Rc8 35. Bh3 Ne6 36. c7 g6 37. Rd1 Ba8 38. Bxe6 fxe6 39. Rd8+
Bxd8 40. cxd8=Q+ Rxd8 41. Bxd8 Bd5 42. Kf1 Kf7 43. Ke2 Ke8 44. Bb6 Kd7 45. Kd2
h5 46. Kc3 Kd6 47. Nc4+ Ke7 48. Ne5 Kf6 49. Kd4 Kf5 50. Bd8 Ba2 51. Nf7 Kg4
52. Ng5 Kf5 53. Nxe4 e5+ 54. Kc5 Kxe4 55. Kd6 Kf5 56. f3 e4 57. fxe4+ Kxe4
58. Bg5 Bb1 59. Ke6 Kf3 60. Kf6 Kg2 61. Bf4 Kxh2 62. g4+ Kh3 63. gxh5 gxh5
64. Kg5 Kg2 1/2-1/2

[Event "Open Ricany 2011"]
[Site "http://www.openricany.cz"]
[Date "2011.08.25"]
[Round "7.54"]
[White "Paulovic, Pavel"]
[Black "Havlicek, Pavel"]
[Result "1/2-1/2"]
[WhiteElo "1933"]
[BlackElo "1735"]

1. b4 e5 2. a3 d6 3. Bb2 Nf6 4. e3 g6 5. Be2 Bg7 6. c4 O-O 7. Nf3 Bg4 8. Nc3
Re8 9. d3 Nc6 10. h3 Bd7 11. Qb3 Be6 12. Ng5 Qd7 13. Nxe6 Qxe6 14. Bf3 Rab8
15. O-O Ne7 16. Nb5 Qd7 17. Rad1 a6 18. Nc3 Qc8 19. a4 b6 20. Rfe1 Kh8 21. b5 a5
22. d4 Nd7 23. Ne4 h6 24. g4 Rf8 25. Ng3 f6 26. Bg2 f5 27. f3 Qd8 28. Rd2 f4
29. exf4 exf4 30. Ne4 Ng8 31. c5 dxc5 32. dxc5 Qe8 33. Bxg7+ Kxg7 34. Qd1 Ne5
35. cxb6 Rxb6 36. Nc5 Rd6 37. Rxd6 cxd6 38. Nb7 Rf6 39. Re4 Qc8 40. Nxa5 Qc3
41. Nc6 Nd3 42. Bf1 Qc5+ 43. Kh2 Nf2 44. Qe2 Nxe4 45. Qxe4 Qf2+ 46. Bg2 d5
47. Qe5 Qe3 48. Qb2 Qe1 49. a5 Qg3+ 50. Kg1 Qe1+ 51. Kh2 Qg3+ 52. Kg1 Qe1+
1/2-1/2

[Event "Open Ricany 2011"]
[Site "http://www.openricany.cz"]
[Date "2011.08.25"]
[Round "7.18"]
[White "Moravec, Vit"]
[Black "Framberk, Jan"]
[Result "1-0"]
[WhiteElo "2148"]
[BlackElo "2062"]

1. e4 c5 2. Nf3 g6 3. d4 cxd4 4. Nxd4 Bg7 5. Nc3 Nc6 6. Be3 Nf6 7. Bc4 O-O
8. Bb3 a5 9. f3 d5 10. Bxd5 Nxd5 11. exd5 Nb4 12. Nde2 e6 13. O-O Nxd5 14. Nxd5
Qxd5 15. Qxd5 exd5 16. c3 Re8 17. Kf2 b5 18. Rfd1 Be6 19. Bd4 Rac8 20. Bxg7 Kxg7
21. Rd4 Rc4 22. Rxc4 dxc4 23. Nd4 Bd7 24. Re1 Rxe1 25. Kxe1 Kf6 26. Kf2 Ke5
27. Ke3 g5 28. g3 f6 29. f4+ Kd5 30. fxg5 fxg5 31. Nf3 h6 32. h4 g4 33. Nd2 Ke5
34. a4 Bc6 35. axb5 Bxb5 36. Nb1 Ba4 37. Na3 Bb3 38. Nb5 Ba4 39. Nd4 Bd7 40. Ne2
Be6 41. Nf4 Bf7 42. h5 Be8 43. Ng6+ Kf5 44. Kd4 Bf7 45. Ne5 Bxh5 46. Nxc4 a4
47. Ne3+ Kg5 48. Ke5 Be8 49. c4 h5 50. Nf5 Bg6 51. Nh4 Be8 52. c5 Bb5 53. Ke6
Bc4+ 54. Kd6 Kf6 55. c6 Ba6 56. Kd5 Bd3 57. Ng2 Ba6 58. Kd6 Bc8 59. Kc7 Ba6
60. Kd6 Bc8 61. Ne3 Kg5 62. Ng2 Kf6 63. Nh4 Be6 64. Kc5 Ke5 65. Ng6+ Ke4 66. Nh4
Ke5 67. c7 Bc8 68. Kb4 Kd6 69. Kxa4 Kxc7 70. Kb5 Kd6 71. Kc4 Ke5 72. Kd3 Bd7
73. Ke3 Bb5 74. Ng6+ Kf5 75. Nf4 Kg5 76. Ne6+ Kf6 77. Nd4 Bd7 78. Kf4 Kg7 79. b4
Kf6 80. b5 Ke7 81. Ke5 Kd8 82. Kd6 Bc8 83. b6 Bb7 84. Ne6+ Kc8 85. Nf4 Bf3
86. Nxh5 Kb7 87. Kc5 Be2 88. Nf6 Bf3 89. Ne8 Bg2 90. Nd6+ Kb8 91. Kd4 Bf3
92. Ke5 Bg2 93. Kf5 Bf3 94. Ke6 Bg2 95. Ke5 Bc6 96. Nc4 Bg2 97. Na5 Bf3 98. Kd6
Bg2 99. Kd7 Bf1 100. Kc6 Bg2+ 101. Kd6 Bf3 102. b7 Bg2 103. Kc5 Ka7 104. Kb5
Bf1+ 105. Kc6 Kb8 106. Kb6 Bg2 107. Nc6+ 1-0

[Event "Open Ricany 2011"]
[Site "http://www.openricany.cz"]
[Date "2011.08.25"]
[Round "7. 40"]
[White "Starek, Stanislav"]
[Black "Hampel, Rudolf"]
[Result "1-0"]
[WhiteElo "1912"]
[BlackElo "1837"]

1. c4 Nf6 2. Nc3 g6 3. e4 d6 4. g3 Bg7 5. Bg2 O-O 6. Nge2 Nc6 7. O-O Be6 8. d3
Qd7 9. f4 Bh3 10. f5 Bxg2 11. Kxg2 e6 12. h3 d5 13. fxg6 fxg6 14. cxd5 exd5
15. exd5 Nxd5 16. Rxf8+ Rxf8 17. Qb3 Rd8 18. Nf4 Bxc3 19. bxc3 Kg7 20. Nxd5
Qxd5+ 21. Qxd5 Rxd5 22. Rb1 b6 23. d4 Ne7 24. Bf4 c5 25. c4 Rd7 26. dxc5 bxc5
27. Rb5 Kf6 28. Rxc5 Nf5 29. Ra5 Ne7 30. c5 Ke6 31. Ra3 Nc6 32. Re3+ Kf5 33. Bd6
h6 34. Kf3 Kf6 35. Ke4 Ne7 36. Rf3+ Ke6 37. Bxe7 Rxe7 38. Kd4 Rd7+ 39. Kc4 a6
40. Re3+ Kf7 41. Rd3 Re7 42. c6 Re6 43. Kc5 Re2 44. c7 Rxa2 45. Rc3 1-0

[Event "Open Ricany 2011"]
[Site "http://www.openricany.cz"]
[Date "2011.08.25"]
[Round "7. 15"]
[White "Marikova, Jana"]
[Black "Vesecky, Martin"]
[Result "0-1"]
[WhiteElo "1897"]
[BlackElo "2083"]

1. d4 Nf6 2. c4 c5 3. e3 e6 4. Nc3 d5 5. cxd5 exd5 6. Nf3 Be7 7. Bb5+ Bd7
8. O-O O-O 9. dxc5 Bxc5 10. Bxd7 Qxd7 11. b3 Nc6 12. Bb2 a6 13. Ne2 Ne4 14. Nfd4
Rfe8 15. Rc1 Ba7 16. Nf4 Rad8 17. Nh5 Ne5 18. f4 Ng4 19. Rf3 g6 20. Ng7 Re7
21. f5 Ne5 22. Rh3 Bxd4 23. exd4 Nc6 24. Ba3 Kxg7 25. Bxe7 Qxe7 26. fxg6 hxg6
27. Qf3 Ng5 0-1

[Event "Open Ricany 2011"]
[Site "http://www.openricany.cz"]
[Date "2011.08.25"]
[Round "7. 22"]
[White "Janicek, Jindrich"]
[Black "Cervenka, Petr"]
[Result "1-0"]
[WhiteElo "2077"]
[BlackElo "1949"]

1. Nf3 f5 2. d4 e6 3. g3 Nf6 4. Bg2 Be7 5. O-O O-O 6. c4 d6 7. Nc3 c6 8. b4 Ne4
9. Qc2 d5 10. c5 a5 11. bxa5 Qxa5 12. Nxe4 fxe4 13. Ne5 b6 14. cxb6 Qxb6 15. Be3
Bf6 16. Rfc1 Bxe5 17. dxe5 Qa5 18. Bc5 Rf7 19. Bd6 Qa7 20. Qc5 Qa6 21. e3 Qe2
22. Rc2 Qh5 23. Rb2 Rb7 24. Rxb7 Bxb7 25. Qb6 Ba6 26. Qd8+ Kf7 27. Qe7+ Kg6
28. Qxe6+ Kg5 29. Be7# 1-0

[Event "Open Ricany 2011"]
[Site "http://www.openricany.cz"]
[Date "2011.08.25"]
[Round "7.13"]
[White "Vanka, Miroslav"]
[Black "Matejovsky, Ondrej"]
[Result "1-0"]
[WhiteElo "2120"]
[BlackElo "2030"]

1. e4 e5 2. Nf3 Nf6 3. Nxe5 d6 4. Nxf7 Kxf7 5. d4 c5 6. dxc5 Nc6 7. Bc4+ Be6
8. Bxe6+ Kxe6 9. Qe2 Qa5+ 10. Nc3 Qxc5 11. Be3 Qb4 12. a3 Qa5 13. O-O-O Rc8
14. f4 Nb8 15. Bd4 Qh5 16. f5+ Kf7 17. Qb5 Rc7 18. Bxa7 Be7 19. Qb3+ d5 20. Nxd5
Nxd5 21. Qxd5+ Kf6 22. Qe6+ Kg5 23. Be3+ 1-0

[Event "Open Ricany 2011"]
[Site "http://www.openricany.cz"]
[Date "2011.08.25"]
[Round "7. 9"]
[White "Kohout, Vratislav"]
[Black "Vevera, Radek"]
[Result "1/2-1/2"]
[WhiteElo "2153"]
[BlackElo "2043"]

1. d4 Nf6 2. Nf3 d5 3. Bf4 c5 4. c3 Qb6 5. b3 Nc6 6. e3 Bg4 7. Bd3 e6 8. O-O
Be7 9. h3 Bh5 10. Nbd2 O-O 11. Qb1 cxd4 12. exd4 Bg6 13. b4 Qd8 14. Re1 Rc8
15. Bxg6 hxg6 16. Qd3 Bd6 17. Ne5 Ne7 18. a4 Qc7 19. Rac1 Nd7 20. Ndf3 Bxe5
21. dxe5 Qc4 22. Qd2 Nb6 23. Bg5 Qc7 24. Nd4 Nc4 25. Qe2 Nc6 26. Nf3 a6 27. h4
Ne7 1/2-1/2

[Event "Open Ricany 2011"]
[Site "http://www.openricany.cz"]
[Date "2011.08.25"]
[Round "7.38"]
[White "Hronik, Petr"]
[Black "Lorenc, Tomas"]
[Result "1/2-1/2"]
[WhiteElo "1966"]
[BlackElo "1875"]

1. Nf3 Nf6 2. c4 g6 3. Nc3 Bg7 4. e4 O-O 5. d4 d6 6. Be2 Bg4 7. Be3 Nfd7 8. h3
Bxf3 9. Bxf3 Nc6 10. d5 Na5 11. Be2 Nb6 12. Bxb6 Bxc3+ 13. bxc3 cxb6 14. Rb1 Qc7
15. Rb4 Qc5 16. Qd4 Rac8 17. O-O Rc7 18. Qd2 Rfc8 19. Kh1 b5 20. f4 Nxc4
21. Bxc4 bxc4 1/2-1/2

[Event "Open Ricany 2011"]
[Site "http://www.openricany.cz"]
[Date "2011.08.25"]
[Round "7.30"]
[White "Kovar, Jan"]
[Black "Franek,Jan"]
[Result "1/2-1/2"]
[WhiteElo "2002"]
[BlackElo "1891"]

1. d4 f5 2. c4 e6 3. Nf3 Nf6 4. Nc3 d5 5. Bf4 c6 6. e3 Be7 7. Bd3 O-O 8. Ne5
Ne4 9. f3 Bh4+ 10. g3 Nxc3 11. bxc3 g5 12. gxh4 gxf4 13. Rg1+ Kh8 14. Rg5 fxe3
15. f4 Nd7 16. Nxd7 Bxd7 17. Qe2 Qf6 18. Qxe3 c5 19. Qe5 Rac8 20. cxd5 exd5
21. Kd2 Rce8 22. Qxf6+ Rxf6 23. Rc1 h6 24. Rg3 Rg8 {Dale necitelne!} 1/2-1/2

[Event "Open Ricany 2011"]
[Site "http://www.openricany.cz"]
[Date "2011.08.25"]
[Round "7.17"]
[White "Hrdina, Robin"]
[Black "Cap, Adam"]
[Result "1-0"]
[WhiteElo "2089"]
[BlackElo "1934"]

1. d4 d5 2. Nf3 Nf6 3. Bf4 Bf5 4. e3 e6 5. Be2 Be7 6. Nbd2 O-O 7. Ne5 Nbd7
8. g4 Be4 9. f3 Bg6 10. h4 h6 11. Nxg6 fxg6 12. g5 Ne8 13. Bd3 Kh7 14. Be5 Nd6
15. Bxd6 Bxd6 16. f4 Rf5 17. Bxf5 exf5 18. Nf3 c6 19. O-O Qe7 20. Ne5 Nxe5
21. fxe5 Bc7 22. c3 h5 23. Rxf5 gxf5 24. Qxh5+ Kg8 25. g6 Qe6 26. Rf1 Bxe5
27. dxe5 Qxe5 28. Rxf5 Qxe3+ 29. Kg2 Qe4+ 30. Rf3 Qe2+ 31. Kh3 Qe6+ 32. Kg3 Qe1+
33. Kh2 Qe2+ 34. Kh3 Qe6+ 35. Qf5 Qxf5+ 36. Rxf5 b6 37. Re5 Kf8 38. Kg4 Rd8
39. Rf5+ Ke8 40. Rf7 Rd7 41. Rxd7 Kxd7 42. Kf5 c5 43. h5 Ke7 44. Kg5 Kf8 45. b3
d4 46. Kf4 Ke7 47. Ke4 a6 48. cxd4 cxd4 49. Kxd4 1-0

[Event "Open Ricany 2011"]
[Site "http://www.openricany.cz"]
[Date "2011.08.25"]
[Round "7. 28"]
[White "Vorackova, Jarmila"]
[Black "Rydl, Jiri"]
[Result "1-0"]
[WhiteElo "1925"]
[BlackElo "2007"]

1. d4 e6 2. c4 d5 3. Nc3 Nf6 4. Nf3 Be7 5. Bg5 Nbd7 6. cxd5 exd5 7. Qc2 c6
8. e3 O-O 9. Bd3 Re8 10. O-O Ne4 11. Bxe4 dxe4 12. Nxe4 Bxg5 13. Nexg5 Nf8
14. Ne4 Bf5 15. Nfd2 Bg6 16. Rfe1 Qe7 17. f3 Nd7 18. Qb3 b6 19. Rac1 Rec8
20. Qa4 c5 21. dxc5 Nxc5 22. Nxc5 Rxc5 23. Rxc5 Qxc5 24. Ne4 Bxe4 25. Qxe4 Rd8
26. Re2 Qd5 27. Qxd5 Rxd5 28. e4 Rc5 29. Kf2 Kf8 30. Ke3 Ke7 31. Rd2 Ke6 32. f4
f6 33. f5+ Ke7 34. g4 h6 35. h4 a5 36. Rg2 Rb5 37. Rc2 Kd6 38. b3 a4 39. Rc3 Ra5
40. b4 Ra8 41. b5 Rb8 42. Rc6+ Kd7 43. Kf4 Ke7 44. Rc7+ Kf8 45. Ra7 Rc8 46. Rxa4
Rc1 47. Ra6 Rc2 48. Rxb6 Rxa2 49. Rb8+ Kf7 50. b6 Rb2 51. b7 Rb3 52. g5 hxg5+
53. hxg5 fxg5+ 54. Kxg5 g6 55. fxg6+ Kg7 56. e5 Rb6 57. e6 1-0

[Event "Open Ricany 2011"]
[Site "http://www.openricany.cz"]
[Date "2011.08.25"]
[Round "7.43"]
[White "Maly, Filip"]
[Black "Plicka, Petr"]
[Result "1-0"]
[WhiteElo "2007"]
[BlackElo "1864"]

1. e4 c5 2. Nf3 d6 3. d4 cxd4 4. Nxd4 Nf6 5. Nc3 a6 6. Bg5 e6 7. f4 Be7 8. Qf3
Qc7 9. O-O-O Nc6 10. Nb3 Rb8 11. g4 b5 12. Bxf6 Bxf6 13. g5 Be7 14. Rg1 Bb7
15. Re1 O-O 16. f5 Ne5 17. Qh3 exf5 18. Qxf5 Bc8 19. Qf2 Be6 20. Nd4 Qc5 21. Qd2
Bd8 22. Be2 Ba5 23. Rg3 Bd7 24. Nb3 Bxc3 25. Rxc3 Qb6 26. Rd1 b4 27. Rg3 Qc6
28. Qxd6 Qxe4 29. Bd3 Qf4+ 30. Kb1 Nxd3 31. Rgxd3 Qxd6 32. Rxd6 Bb5 33. Nd4 Rfe8
34. b3 g6 35. Kb2 Kg7 36. a3 bxa3+ 37. Kxa3 Re3 38. Ka2 Rh3 39. Rd2 Rc3 40. Kb2
Rbc8 41. Nxb5 axb5 42. Rb6 R3c5 43. h4 R8c7 44. Rbd6 h6 45. R6d5 hxg5 46. hxg5
Kf8 47. b4 Rxd5 48. Rxd5 Rb7 49. Kc3 Ke7 50. Re5+ Kd6 51. Kd4 Kc6 52. Rc5+ Kd6
53. c4 bxc4 54. Kxc4 Rb6 55. b5 Kd7 56. Rd5+ Ke6 57. Rd1 Rb8 58. Kc5 f5 59. Rd6+
Ke5 60. Rxg6 f4 61. Rf6 Rc8+ 62. Rc6 1-0

[Event "Open Ricany 2011"]
[Site "http://www.openricany.cz"]
[Date "2011.08.25"]
[Round "7.2"]
[White "Juptner, Jan"]
[Black "Svobod, Vaclav"]
[Result "1/2-1/2"]
[WhiteElo "2293"]
[BlackElo "2286"]

1. d4 d5 2. c4 dxc4 3. e4 Nc6 4. Be3 Nf6 5. Nc3 Ng4 6. Bxc4 Nxe3 7. fxe3 g6
8. Qf3 e6 9. Nge2 Bg7 10. O-O O-O 11. e5 Na5 12. Bd3 c5 13. Ne4 cxd4 14. exd4
Nc6 15. Qe3 Rb8 16. Rf3 Ne7 17. Qf2 Nf5 18. g4 Nh6 19. h3 Bd7 20. N2c3 Bc6
21. Rd1 Qh4 22. Rf4 Rfd8 23. a3 {Dale necitelne!} 1/2-1/2

[Event "Open Ricany 2011"]
[Site "http://www.openricany.cz"]
[Date "2011.08.25"]
[Round "7.32"]
[White "Maly, Marek"]
[Black "Hajek, Jiri"]
[Result "1-0"]
[WhiteElo "1986"]
[BlackElo "1847"]

1. d4 g6 2. c4 Bg7 3. Nc3 Nf6 4. e4 d6 5. Nf3 Bg4 6. Be2 O-O 7. Be3 Nfd7 8. O-O
Nc6 9. d5 Bxf3 10. Bxf3 Na5 11. Be2 Nb6 12. Bd4 e5 13. Bxb6 cxb6 14. Nb5 a6
15. Na3 b5 16. cxb5 axb5 17. Nxb5 Rc8 18. Rc1 b6 19. Rxc8 Qxc8 20. Nxd6 Qc5
21. Nb5 Nc4 22. Bxc4 Qxc4 23. Nc3 b5 24. Qe2 Rd8 25. Rc1 Bh6 26. Qxc4 bxc4
27. Rc2 f5 28. f3 fxe4 29. fxe4 Be3+ 30. Kf1 Rf8+ 31. Ke1 Bd4 32. Nb5 Rc8
33. Nd6 Ra8 34. a3 1-0

[Event "Open Ricany 2011"]
[Site "http://www.openricany.cz"]
[Date "2011.08.25"]
[Round "7.42"]
[White "Nemec, David"]
[Black "Berg, Antonin"]
[Result "1-0"]
[WhiteElo "2037"]
[BlackElo "1856"]

1. e4 Nf6 2. Nc3 d5 3. exd5 Nxd5 4. Nf3 Bf5 5. Bc4 e6 6. O-O Be7 7. Re1 Nb6
8. Bb3 O-O 9. d4 Nc6 10. Be3 a5 11. a4 Bf6 12. Qe2 Bg4 13. Rad1 Re8 14. h3 Bxf3
15. Qxf3 Bg5 16. d5 exd5 17. Nxd5 Nxd5 18. Bxd5 Qf6 19. Bxg5 Rxe1+ 20. Rxe1 Qxg5
21. Qxf7+ 1-0

[Event "Open Ricany 2011"]
[Site "http://www.openricany.cz"]
[Date "2011.08.25"]
[Round "7.46"]
[White "Adamik, Frantisek"]
[Black "Koller, Martin"]
[Result "0-1"]
[WhiteElo "1891"]
[BlackElo "1758"]

1. e4 e5 2. Nf3 Nc6 3. Bc4 Nf6 4. Ng5 d5 5. exd5 b5 6. Bxb5 Qxd5 7. Qe2 Qxg2
8. Qxe5+ Be7 9. Rf1 O-O 10. Qg3 Qd5 11. Nc3 Qd7 12. d3 Rb8 13. Qg2 Rxb5 14. Nxb5
Nb4 15. Na3 Re8 16. Rg1 Nxd3+ 17. Kf1 Nf4 18. Bxf4 Ba6+ 19. c4 Qd3+ 20. Ke1 0-1

[Event "Open Ricany 2011"]
[Site "http://www.openricany.cz"]
[Date "2011.08.25"]
[Round "7.37"]
[White "Pribyl, Jaroslav"]
[Black "Popelka, Pavel"]
[Result "1/2-1/2"]
[WhiteElo "1864"]
[BlackElo "1984"]

1. d4 d5 2. c4 c6 3. cxd5 cxd5 4. Nf3 Nc6 5. Nc3 Nf6 6. Bf4 a6 7. e3 e6 8. Bd3
Qb6 9. a3 Bd7 10. b4 Rc8 11. Na4 Qa7 12. O-O b6 13. Rc1 Nh5 14. Bg5 h6 15. Bh4
g5 16. Ne5 Nxe5 17. Rxc8+ Bxc8 18. dxe5 Ng7 19. Bg3 Be7 20. Nc3 Bd7 21. Ne2 Nh5
22. Nd4 Nxg3 23. fxg3 Qc7 24. Bxa6 Qxe5 25. Qe2 O-O 26. Bd3 Ra8 27. Ra1 Bxb4
28. Nc2 Bc5 29. Kh1 Ba4 30. Rf1 Bxc2 31. Bxc2 Rxa3 32. Qb5 Qg7 33. e4 Ra1
34. exd5 Rxf1+ 35. Qxf1 exd5 36. h3 Qd4 37. Kh2 Kg7 38. Bd3 Qe3 39. Ba6 Bd6
40. Qf3 d4 41. Bd3 h5 42. Bc4 Qxf3 43. gxf3 h4 44. f4 f6 45. Kg2 gxf4 46. gxf4
Bxf4 47. Kf3 Bg3 48. Ke4 Be5 49. Kf5 Kf8 50. Ke6 Ke8 51. Bd3 Kd8 52. Kd5 Kc7
53. Bb5 Kd8 54. Bd3 Ke7 55. Bf5 Kf7 56. Kc6 Kg7 57. Kxb6 Kh6 58. Kc5 Kg5 59. Bd3
Kf4 60. Kd5 Ke3 61. Kc4 Bb8 62. Bf5 Ba7 63. Bg6 Kf4 64. Kd3 Ke5 65. Bh7 f5
66. Bg6 Bb6 67. Bh7 Ba5 68. Bg6 Be1 69. Bh7 Bf2 70. Bg6 Be3 71. Bh7 f4 72. Be4
Kd6 73. Kc4 Kc7 74. Bf3 Kb6 75. Be4 Ka5 76. Bc6 Bf2 77. Bd7 Kb6 78. Bg4 Bg1
79. Bf3 Be3 80. Be4 Ka5 81. Bc6 Bg1 82. Bd7 f3 83. Bg4 f2 84. Be2 Kb6 85. Bf1
Bh2 86. Kxd4 Ka5 87. Ke3 Bg3 88. Kf3 1/2-1/2

[Event "Open Ricany 2011"]
[Site "http://www.openricany.cz"]
[Date "2011.08.25"]
[Round "7.6"]
[White "Petras, Milan"]
[Black "Rehorek, Martin"]
[Result "0-1"]
[WhiteElo "2064"]
[BlackElo "2296"]

1. d4 Nf6 2. Nf3 c5 3. d5 e6 4. c4 b5 5. Bg5 exd5 6. cxd5 d6 7. e4 a6 8. a4 Be7
9. Nbd2 Nxd5 10. Bxe7 Qxe7 11. axb5 O-O 12. Bc4 Nf4 13. O-O Qf6 14. g3 Ng6
15. Qb3 Ra7 16. Qc3 Qe7 17. Rfe1 axb5 18. Rxa7 Qxa7 19. Bxb5 Qb6 20. Bf1 Nc6
21. Nc4 Qb8 22. Rd1 Rd8 23. Na5 Nxa5 24. Qxa5 Bg4 25. Rd3 Re8 26. Qa4 Kf8
27. Nd2 Ne5 28. Rb3 Qc7 29. Qa6 Bc8 30. Qe2 Nc6 31. Qh5 h6 32. Bb5 Re5 33. Qd1
Nd4 34. Nf3 Nxb3 35. Qxb3 Rxe4 36. Bd3 Re7 37. Nd2 Bb7 38. f3 d5 39. Bc2 Qe5
40. Nf1 Ba6 41. Bd3 Qd4+ 0-1

[Event "Open Ricany 2011"]
[Site "http://www.openricany.cz"]
[Date "2011.08.25"]
[Round "7.45"]
[White "Jirousek, Filip"]
[Black "Paukert, Jan"]
[Result "0-1"]
[WhiteElo "1789"]
[BlackElo "1911"]

1. e4 e5 2. f4 d5 3. exd5 e4 4. Bb5+ c6 5. dxc6 bxc6 6. Bc4 Nf6 7. d4 exd3 8.
Bxd3 Be7 9. Nf3 Qb6 10. Qe2 O-O 11. Nbd2 Bc5 12. Ne4 Nxe4 13. Bxe4 Ba6 14. Bd3
Bxd3 15. cxd3 Nd7 16. Kf1 Rfe8 17. Qc2 Re7 18. Bd2 Nf6 19. Rc1 Bd4 20. Nxd4
Qxd4 21. Qc4 Qxb2 22. Rc2 Qb5 23. Bb4 Qxc4 24. dxc4 Re4 25. g3 Rae8 26. a3 Ng4
27. Bc5 Ne3+ 28. Bxe3 Rxe3 29. a4 Ra3 30. Kg2 Rxa4 31. Rd1 g6 32. Rd7 Re6 33.
Rb2 Rxc4 34. Rbb7 Rf6 35. Rxa7 h6 36. Rac7 g5 37. Rd8+ Kg7 38. Rcc8 Kg6 39. g4
Rfxf4 0-1

[Event "Open Ricany 2011"]
[Site "http://www.openricany.cz"]
[Date "2011.08.25"]
[Round "7.1"]
[White "Gregor, Jiri"]
[Black "Sodoma, Jan"]
[Result "0-1"]
[WhiteElo "2262"]
[BlackElo "2365"]

1. d4 Nf6 2. Nf3 e6 3. c4 b6 4. a3 Ba6 5. Qc2 c5 6. d5 exd5 7. cxd5 d6 8. Nc3
g6 9. Bf4 Bg7 10. Qa4+ Qd7 11. Bxd6 Qxa4 12. Nxa4 Nxd5 13. e4 Bxf1 14. Rxf1 Ne7
15. O-O-O Nbc6 16. Nc3 Bxc3 17. bxc3 f6 18. Rfe1 O-O-O 19. g4 Rd7 20. g5 f5
21. e5 Rhd8 22. Kc2 Na5 23. Nd2 Nec6 24. a4 Re8 25. f4 Nd8 26. h4 Ne6 27. Rf1 h5
28. gxh6 Rh8 29. Rf3 Rxh6 30. Rg1 Kb7 31. Kd3 Rxh4 32. Ke3 Rh6 33. Rfg3 Rg7
34. R1g2 Kc6 35. c4 Kd7 36. Rg1 Rg8 37. Kf3 Nd4+ 38. Ke3 Nb7 39. Nf3 Nxf3
40. Kxf3 Na5 41. Rg5 Ke6 42. Rc1 Rh3+ 43. Kg2 Ra3 44. Rh1 Nxc4 45. Rh6 Nxd6
46. Rhxg6+ Rxg6 47. Rxg6+ Ke7 48. Rxd6 Rxa4 49. Kf3 c4 50. Ke3 Ra3+ 51. Ke2 b5
52. Rc6 c3 53. Kd3 Ra4 54. Rxc3 Rxf4 55. Rc7+ Ke6 56. Rxa7 Kxe5 57. Rb7 Rd4+
58. Ke3 Rd5 59. Rb8 Kd6 60. Rc8 Rc5 61. Rf8 Ke5 62. Re8+ Kd5 63. Kd3 b4 64. Rf8
Rc3+ 65. Kd2 Ke4 66. Re8+ Kf3 67. Rb8 Rc4 68. Kd3 Re4 69. Rh8 Re3+ 70. Kd2 f4
71. Rh3+ Ke4 72. Rh8 b3 73. Rb8 Rd3+ 74. Ke2 f3+ 75. Ke1 Kd4 0-1

[Event "Open Ricany 2011"]
[Site "http://www.openricany.cz"]
[Date "2011.08.25"]
[Round "7.51"]
[White "Pychova, Nela"]
[Black "Soltys, Roman"]
[Result "1-0"]
[WhiteElo "1640"]
[BlackElo "1825"]

1. e4 g6 2. d4 Bg7 3. Nf3 d5 4. exd5 Qxd5 5. c3 Bg4 6. Be2 Nf6 7. O-O Qd6
8. Nbd2 O-O 9. Nc4 Qd8 10. Nce5 Bf5 11. Qb3 Be4 12. Re1 Bd5 13. c4 Be4 14. d5 b6
15. Rd1 Nbd7 16. Nc6 Nc5 17. Nxd8 Nxb3 18. axb3 Rfxd8 19. Nd4 Kf8 20. g4 Ne8
21. f3 Bxd4+ 22. Rxd4 Bc2 23. Rd2 Bxb3 24. Ra3 Bxc4 25. Bxc4 Nd6 26. Ba2 a5
27. Re2 Nb5 28. Rd3 c6 29. Bh6+ Ke8 30. Rde3 Ra7 31. Bg5 Rdd7 32. dxc6 Rdc7
33. Rd3 Rxc6 34. Bd5 Rcc7 35. Bf4 Kf8 36. Bxc7 Rxc7 37. Bb3 Nd6 38. Rc2 Rxc2
39. Bxc2 Ke8 40. Kf2 b5 41. b3 Kd7 42. Re3 e6 43. Be4 f5 44. gxf5 gxf5 45. Bc2
Nb7 46. Re5 b4 47. Rb5 Kc6 48. Re5 Kd6 49. f4 Nc5 50. Re1 a4 51. bxa4 b3
52. Rd1+ Kc6 53. Bb1 Nxa4 54. Ke3 Kc5 55. Rc1+ Kd5 56. Rc7 Nc5 57. Rxh7 Kc4
58. Rc7 Kb4 59. h4 Na6 60. Rb7+ Kc3 61. Rb5 Kb2 62. Bd3 Nc7 63. Rc5 Nd5+
64. Rxd5 1-0

[Event "Open Ricany 2011"]
[Site "http://www.openricany.cz"]
[Date "2011.08.25"]
[Round "7.21"]
[White "Hadzala, Daniel"]
[Black "Jonas, Vaclav"]
[Result "1-0"]
[WhiteElo "2162"]
[BlackElo "1963"]

1. d4 Nf6 2. c4 g6 3. Nc3 Bg7 4. e4 d6 5. f4 O-O 6. Nf3 c5 7. d5 e6 8. Be2 exd5
9. e5 dxe5 10. fxe5 Ng4 11. Bg5 Qa5 12. cxd5 Nxe5 13. O-O Nbd7 14. Be7 Re8
15. d6 Bf8 16. Nd5 Bxe7 17. dxe7 Kg7 18. Qc1 c4 19. Rd1 Qc5+ 20. Kh1 b5 21. Qf4
Rxe7 22. Nxe7 Qxe7 23. Nxe5 Nxe5 24. Rd5 f6 25. Rxb5 Be6 26. Bf3 Rd8 27. Rf1 Rd6
28. Rb7 Rd7 29. Rxd7 Bxd7 30. Bd5 Be6 31. Bxe6 Qxe6 32. Qd4 Qa6 33. Ra1 Qb7
34. Rd1 Qa6 35. a3 Qb7 36. h3 Qe7 37. Qd6 Qf7 38. Qd5 Qe7 39. Qd6 Qf7 40. Qc5
Nd3 41. Qd4 Ne5 42. a4 Qc7 43. Qd6 Qb7 44. Rf1 Qf7 45. a5 Nd3 46. b3 Ne5
47. bxc4 Nxc4 48. Qc5 a6 49. Rc1 Ne5 50. Qc7 Qxc7 51. Rxc7+ Kh6 52. Ra7 1-0

[Event "Open Ricany 2011"]
[Site "http://www.openricany.cz"]
[Date "2011.08.25"]
[Round "7.35"]
[White "Marik, Miloslav"]
[Black "Pilny, Jiri"]
[Result "1-0"]
[WhiteElo "1988"]
[BlackElo "1723"]

1. e4 e6 2. d4 d5 3. e5 c5 4. c3 Nc6 5. Nf3 Qb6 6. a3 c4 7. Nbd2 Bd7 8. b4 f6
9. exf6 Nxf6 10. Ne5 Nxe5 11. dxe5 Ng8 12. Nf3 Ne7 13. Nd4 Nf5 14. Nxf5 exf5
15. Qxd5 Be6 16. Qd4 Qc6 17. Qe3 Be7 18. Be2 Bd5 19. Qg3 g6 20. Bf3 a5 21. Bxd5
Qxd5 22. Be3 axb4 23. Rd1 Qe4 24. axb4 Ra3 25. Rc1 O-O 26. O-O f4 27. Qg4 Qxe5
28. Bd4 Qf5 29. Qxf5 Rxf5 30. Ra1 Rxa1 31. Rxa1 Kf7 32. Ra7 Rb5 33. Kf1 Ke6
34. Ke2 Kd5 35. Kf3 Bxb4 36. Kxf4 Bd6+ 37. Ke3 h5 38. h4 Ke6 39. Ra4 Kd5 40. Ra8
Ke6 41. Rc8 Rb3 42. Rxc4 b5 43. Rc6 b4 44. Ke4 Rb1 45. Bc5 Re1+ 46. Kf3 bxc3
47. Bxd6 Kd5 48. Ra6 Re6 49. Ra3 Rxd6 50. Rxc3 Ke5 51. g4 Rf6+ 52. Ke3 hxg4
53. Rc5+ Kd6 54. Rg5 Ke6 55. Rxg4 Ke7 56. Ra4 Rf5 57. Re4+ Kd6 58. Rf4 Re5+
59. Re4 Rf5 60. f3 Kd7 61. Kf2 Kd6 62. Kg3 Kd5 63. Kg4 Kd6 64. Rf4 Rxf4+
65. Kxf4 Ke6 66. Kg5 Kf7 67. Kh6 Kf6 68. Kh7 g5 69. h5 Kf7 70. h6 1-0